[Event "Titled Tue 26th Aug Late"]
[Site "chess.com INT"]
[Date "2025.08.26"]
[Round "9"]
[White "Popov, Tikhon"]
[Black "Hua, Lefong"]
[Result "1-0"]
[WhiteTitle "FM"]
[BlackTitle "FM"]
[WhiteElo "2335"]
[BlackElo "2305"]
[WhiteFideId "24252026"]
[BlackFideId "2602253"]
[EventDate "2025.08.26"]

1. e4 c5 2. Nf3 g6 3. d4 cxd4 4. Nxd4 Bg7 5. c4 Nc6 6. Be3 Nf6 7. Nc3 O-O 8. Be2
d6 9. O-O Bd7 10. Re1 Nxd4 11. Bxd4 Bc6 12. Bf1 a5 13. Nd5 Bxd5 14. exd5 Nd7 15.
Bxg7 Kxg7 16. Qd4+ Kg8 17. Re3 Re8 18. Rae1 Rc8 19. h4 Ne5 20. b3 e6 21. h5 Qf6
22. Rd1 Kg7 23. Rh3 Nd7 24. Qd2 e5 25. hxg6 hxg6 26. Qh6+ Kg8 27. Be2 Qg7 28.
Qh4 f5 29. g4 f4 30. g5 Rf8 31. Bg4 Rfd8 32. Be6+ Kf8 33. Qh7 Rc7 34. Qh8+ Qxh8
35. Rxh8+ Ke7 36. Rh7+ Kf8 37. Kg2 b6 38. Rdh1 1-0

[Event "Titled Tue 26th Aug Late"]
[Site "chess.com INT"]
[Date "2025.08.26"]
[Round "9"]
[White "Krzywda, Andrzej"]
[Black "Murawski, Jan"]
[Result "1-0"]
[WhiteTitle "CM"]
[BlackTitle "CM"]
[WhiteElo "2149"]
[BlackElo "2189"]
[WhiteFideId "1114565"]
[BlackFideId "21009287"]
[EventDate "2025.08.26"]

1. e4 g6 2. d4 Bg7 3. Nf3 c5 4. c3 cxd4 5. cxd4 d5 6. e5 Nc6 7. Nc3 f6 8. exf6
Nxf6 9. Bd3 O-O 10. h3 Bf5 11. Bxf5 gxf5 12. O-O Ne4 13. Ne2 e6 14. Bf4 Qb6 15.
b3 Rac8 16. Rc1 Nb4 17. Rxc8 Rxc8 18. Be5 Nxa2 19. Bxg7 Kxg7 20. Nf4 Nac3 21.
Qa1 a6 22. Ne5 Re8 23. f3 Qxd4+ 24. Kh2 Qxe5 25. fxe4 dxe4 26. g3 b5 27. Rc1 b4
28. Qxa6 Rd8 29. Nxe6+ Kh8 30. Nxd8 1-0

[Event "Titled Tue 26th Aug Late"]
[Site "chess.com INT"]
[Date "2025.08.26"]
[Round "9"]
[White "Henriquez Villagra, Cristobal"]
[Black "Caruana, Fabiano"]
[Result "0-1"]
[WhiteTitle "GM"]
[BlackTitle "GM"]
[WhiteElo "2592"]
[BlackElo "2784"]
[WhiteFideId "3409350"]
[BlackFideId "2020009"]
[EventDate "2025.08.26"]

1. e4 c5 2. Nf3 Nc6 3. d4 cxd4 4. Nxd4 Nf6 5. Nc3 e5 6. Ndb5 d6 7. Nd5 Nxd5 8.
exd5 Nb8 9. a4 Be7 10. Be2 O-O 11. O-O Bf5 12. b4 a6 13. Na3 a5 14. c3 Nd7 15.
Be3 Bg6 16. Nc4 b6 17. f3 h6 18. Kh1 Qc7 19. Qb3 Rfc8 20. Rac1 Rab8 21. Na3 Nf6
22. Nb5 Qd7 23. c4 axb4 24. Qxb4 Nh5 25. Qe1 Bg5 26. Qd2 Bxe3 27. Qxe3 Nf4 28.
Rf2 h5 29. Bf1 h4 30. Qa3 Rc5 31. Ra1 Ra8 32. Qb4 h3 33. g3 Nd3 34. Bxd3 Bxd3
35. Rc1 Rac8 36. Na3 Rxd5 37. Qxb6 Qxa4 0-1

[Event "Titled Tue 26th Aug Late"]
[Site "chess.com INT"]
[Date "2025.08.26"]
[Round "9"]
[White "Mottola, Max"]
[Black "Tikhonov, Viacheslav"]
[Result "1-0"]
[BlackTitle "CM"]
[WhiteElo "2183"]
[BlackElo "2183"]
[WhiteFideId "30985862"]
[BlackFideId "44196407"]
[EventDate "2025.08.26"]

1. d4 Nf6 2. Nc3 d5 3. Bf4 g6 4. Nb5 Na6 5. e3 Bg7 6. Nc3 Nb8 7. Nb5 Na6 8. Nc3
O-O 9. Bxa6 bxa6 10. Be5 Rb8 11. b3 a5 12. Nge2 Ba6 13. O-O Ne4 14. Nxe4 dxe4
15. Bxg7 Kxg7 16. Re1 a4 17. Nc3 a3 18. Nxe4 Bb7 19. Nc5 Ba8 20. Qc1 Qd5 21. f3
Rfd8 22. Qxa3 Qg5 23. Kh1 e5 24. c3 Qh5 25. Rf1 exd4 26. cxd4 Re8 27. Qxa7 Rbc8
28. e4 Bc6 29. d5 Bb5 30. Rfc1 Be2 31. Rc3 Qe5 32. Rac1 Qd4 33. Ne6+ 1-0

[Event "Titled Tue 26th Aug Late"]
[Site "chess.com INT"]
[Date "2025.08.26"]
[Round "9"]
[White "Tang, Andrew"]
[Black "Korchynskyi, Mykola"]
[Result "0-1"]
[WhiteTitle "GM"]
[BlackTitle "FM"]
[WhiteElo "2538"]
[BlackElo "2359"]
[WhiteFideId "2059630"]
[BlackFideId "34138005"]
[EventDate "2025.08.26"]

1. d4 Nf6 2. c4 e6 3. Nc3 d5 4. cxd5 exd5 5. Bg5 Be7 6. e3 h6 7. Bh4 O-O 8. Bd3
b6 9. Nf3 Bb7 10. O-O c5 11. Ne5 Ne4 12. Bxe7 Qxe7 13. Qc2 Nf6 14. f4 Nc6 15.
Qf2 Rae8 16. Rad1 Nb4 17. Bb1 Ne4 18. dxc5 Nxf2 19. Rxf2 Qxc5 20. a3 Nc6 21. Nd7
Qxe3 22. Nxf8 d4 23. Ne2 Ba6 24. Ng3 Kxf8 25. Ba2 d3 26. Nf1 Qc5 27. b4 Qd4 28.
Ng3 Qc3 29. Nf1 Re1 30. Rdd2 Nd4 31. h3 Ne2+ 32. Kh2 Rxf1 0-1

[Event "Titled Tue 26th Aug Late"]
[Site "chess.com INT"]
[Date "2025.08.26"]
[Round "9"]
[White "Ruperez Benito, Antonio"]
[Black "Ragger, Markus"]
[Result "0-1"]
[WhiteTitle "FM"]
[BlackTitle "GM"]
[WhiteElo "2328"]
[BlackElo "2569"]
[WhiteFideId "22245049"]
[BlackFideId "1610856"]
[EventDate "2025.08.26"]

1. e4 e5 2. Nf3 Nc6 3. Bc4 Nf6 4. d3 d5 5. exd5 Nxd5 6. O-O Nb6 7. Bb5 Bd6 8.
Re1 f6 9. d4 O-O 10. Bxc6 bxc6 11. dxe5 fxe5 12. Bg5 Qe8 13. Nbd2 Qg6 14. Bh4
Bf5 15. Nxe5 Qh6 16. Bg3 Rad8 17. Nd3 Bxg3 18. hxg3 Bxd3 19. cxd3 Rxd3 20. Re2
Rd5 21. Qb3 Kh8 22. Nf3 Rh5 23. Nh4 g5 24. Qc3+ Kg8 25. Rae1 gxh4 26. Re6 Qg7
27. Qxc6 hxg3 28. fxg3 Qxg3 0-1

[Event "Titled Tue 26th Aug Late"]
[Site "chess.com INT"]
[Date "2025.08.26"]
[Round "9"]
[White "Weisz, Bryan"]
[Black "Chahin Godoy, Angel Eduardo"]
[Result "1-0"]
[BlackTitle "CM"]
[WhiteElo "2078"]
[BlackElo "2002"]
[WhiteFideId "30934133"]
[BlackFideId "8404925"]
[EventDate "2025.08.26"]

1. h4 h5 2. a4 a5 3. e4 d6 4. d4 Nf6 5. Nc3 g6 6. Bg5 Bg7 7. e5 dxe5 8. dxe5
Qxd1+ 9. Rxd1 Ng4 10. Nd5 Bxe5 11. Nf3 Bd6 12. Bxe7 Bxe7 13. Nxc7+ Kf8 14. Nxa8
Bc5 15. Rd8+ Kg7 16. Rxh8 Kxh8 17. Bc4 Nxf2 18. Rf1 Ng4 19. Ng5 f5 20. Be6 Bxe6
21. Nxe6 Be7 22. g3 Nc6 23. Nf4 Kg7 24. c3 Ne3 25. Rf2 Ne5 26. Re2 N3g4 27. Nc7
Bd6 28. Ne8+ 1-0

[Event "Titled Tue 26th Aug Late"]
[Site "chess.com INT"]
[Date "2025.08.26"]
[Round "9"]
[White "Arslanov, Shamil"]
[Black "Caprio, Guido"]
[Result "1-0"]
[WhiteTitle "IM"]
[BlackTitle "IM"]
[WhiteElo "2410"]
[BlackElo "2435"]
[WhiteFideId "4192826"]
[BlackFideId "834580"]
[EventDate "2025.08.26"]

1. d4 Nf6 2. f3 d5 3. e4 dxe4 4. Nc3 Bf5 5. fxe4 Nxe4 6. Qf3 Nd6 7. Bf4 e6 8.
O-O-O Nd7 9. g4 Bg6 10. Qe3 Be7 11. Nf3 c6 12. d5 cxd5 13. Nxd5 exd5 14. Bxd6
Be4 15. Bxe7 Qxe7 16. Bb5 O-O 17. Bxd7 Qxd7 18. Qxe4 dxe4 19. Rxd7 exf3 20. Rxb7
Rfe8 21. Rf1 Re3 22. Rb3 Re2 23. Rbxf3 Rxh2 24. Rxf7 Rg2 25. R7f4 Rc8 26. R1f2
Rg3 27. b4 g5 28. Re4 Rc7 29. Kb2 Kg7 30. a4 h5 31. Rf5 1-0

[Event "Titled Tue 26th Aug Late"]
[Site "chess.com INT"]
[Date "2025.08.26"]
[Round "9"]
[White "Brilej, Jaka"]
[Black "Palczert, Matyas"]
[Result "0-1"]
[WhiteTitle "FM"]
[BlackTitle "FM"]
[WhiteElo "2334"]
[BlackElo "2427"]
[WhiteFideId "14618818"]
[BlackFideId "784958"]
[EventDate "2025.08.26"]

1. c4 e5 2. g3 d5 3. cxd5 Qxd5 4. Nf3 Nc6 5. Nc3 Qd8 6. Bg2 Nf6 7. O-O h6 8. d4
exd4 9. Nb5 Bc5 10. Bf4 Bb6 11. Ne5 Nxe5 12. Bxe5 O-O 13. Bxd4 c6 14. Bxf6 Qxf6
15. Nc3 Rd8 16. Qc2 Bf5 17. Be4 Bh3 18. Bg2 Bg4 19. h3 Bf5 20. Qb3 Rd2 21. Rad1
Bc2 22. Rxd2 Bxb3 23. axb3 Rd8 24. Rxd8+ Qxd8 25. Rd1 Qf6 26. e3 Qe7 27. Be4 g6
28. Kg2 Kg7 29. h4 h5 30. Bd3 Bc7 31. Bc4 Be5 32. Be2 Bxc3 33. bxc3 b5 34. b4
Qe5 35. Rd4 a6 36. Kg1 c5 37. bxc5 Qxc5 38. c4 b4 39. Rd7 Qc6 40. Rd5 b3 41. Bd1
b2 42. Bc2 0-1

[Event "Titled Tue 26th Aug Late"]
[Site "chess.com INT"]
[Date "2025.08.26"]
[Round "9"]
[White "Gomes, Luiz Alexandre de Souza"]
[Black "Garcia Hernandez, Rebeca"]
[Result "1-0"]
[WhiteTitle "FM"]
[BlackTitle "WCM"]
[WhiteElo "2254"]
[BlackElo "1943"]
[WhiteFideId "2102790"]
[BlackFideId "5180872"]
[EventDate "2025.08.26"]

1. e4 c5 2. Nf3 a6 3. c4 d6 4. Nc3 Nf6 5. d4 cxd4 6. Nxd4 e6 7. Be2 Be7 8. O-O
O-O 9. Be3 Nc6 10. Qd2 Bd7 11. Rfd1 Nxd4 12. Bxd4 Bc6 13. f3 Nd7 14. Rac1 Rc8
15. Bf1 Qc7 16. Qf2 Qa5 17. a3 b5 18. Na2 bxc4 19. Bxc4 Bb5 20. Bxb5 Qxb5 21.
Nc3 Qb7 22. b4 Rc4 23. Ne2 Rxc1 24. Rxc1 Rc8 25. Rxc8+ Qxc8 26. g3 Qc4 27. Qe3
Bf6 28. Bxf6 Nxf6 29. Kf2 h6 30. Qd4 Qa2 31. Qc3 Kh7 32. h4 d5 33. e5 Nd7 34. f4
Nb6 35. Qd3+ Kg8 36. Qxa6 Nc4 37. b5 Qd2 38. Qa7 1-0

[Event "Titled Tue 26th Aug Late"]
[Site "chess.com INT"]
[Date "2025.08.26"]
[Round "9"]
[White "Msellek, Ilyass"]
[Black "Khlebovich, Alexander"]
[Result "0-1"]
[WhiteTitle "IM"]
[BlackTitle "IM"]
[WhiteElo "2406"]
[BlackElo "2423"]
[WhiteFideId "675938"]
[BlackFideId "4169123"]
[EventDate "2025.08.26"]

1. e4 c5 2. Nf3 d6 3. Bb5+ Bd7 4. Bxd7+ Nxd7 5. O-O Ngf6 6. Qe2 e6 7. c3 Be7 8.
d4 O-O 9. e5 dxe5 10. dxe5 Nd5 11. c4 Nb4 12. Nc3 Qc7 13. Bf4 Rfd8 14. h4 Nf8
15. h5 h6 16. Ne4 Nc6 17. Rad1 Rxd1 18. Rxd1 Rd8 19. Re1 Nd4 20. Nxd4 cxd4 21.
Qd3 Qa5 22. Bd2 Qxa2 23. Bxh6 gxh6 24. Nf6+ Bxf6 25. exf6 Qa5 26. Re4 Qxh5 27.
Qg3+ Ng6 28. Qc7 Rf8 29. Rxe6 d3 30. Rd6 Qe5 31. g3 d2 32. Qd7 Qxb2 33. Rxd2
Qxf6 34. Qxb7 Ne5 35. Kg2 Qc6+ 36. Qxc6 Nxc6 37. Ra2 a5 38. f3 Ra8 39. Ra4 Rb8
40. Kf2 Rb4 41. Ra3 Rxc4 42. Ke3 a4 43. Kd3 Rb4 44. Kc3 Rb3+ 45. Rxb3 axb3 46.
Kxb3 Nd4+ 47. Kc4 Nxf3 48. Kd3 Ng5 49. Ke3 Kg7 50. Kf4 Kg6 51. g4 Ne6+ 52. Kf3
Kg5 53. Kg3 Nd4 54. Kh3 0-1

[Event "Titled Tue 26th Aug Late"]
[Site "chess.com INT"]
[Date "2025.08.26"]
[Round "9"]
[White "Taylor, Tristan"]
[Black "Hejazipour, Mitra"]
[Result "0-1"]
[BlackTitle "WGM"]
[WhiteElo "1973"]
[BlackElo "2329"]
[WhiteFideId "2635054"]
[BlackFideId "12505951"]
[EventDate "2025.08.26"]

1. e4 e6 2. d4 d5 3. e5 c5 4. c3 Nc6 5. Nf3 Qb6 6. a3 Nge7 7. b4 cxb4 8. cxb4
Nf5 9. Bb2 h5 10. Be2 Bd7 11. O-O g6 12. Kh1 h4 13. Nc3 Qd8 14. Rc1 Bh6 15. Rc2
g5 16. Nb5 g4 17. Ne1 g3 18. Bd3 Nce7 19. Nd6+ Nxd6 20. exd6 Nc8 21. f4 Nxd6 22.
f5 h3 23. gxh3 gxh2 24. Rxh2 exf5 25. Nf3 Ne4 26. Bxe4 dxe4 27. Ne5 Be6 28. Qa4+
Kf8 29. Rg2 e3 30. d5 Bxd5 31. Nd7+ Ke7 32. Re1 Bxg2+ 33. Kxg2 Qxd7 34. Rxe3+
Bxe3 35. Qxd7+ Kxd7 0-1

[Event "Titled Tue 26th Aug Late"]
[Site "chess.com INT"]
[Date "2025.08.26"]
[Round "9"]
[White "Csonka, Balazs"]
[Black "Storey, Charles H"]
[Result "1-0"]
[WhiteTitle "IM"]
[BlackTitle "FM"]
[WhiteElo "2467"]
[BlackElo "2095"]
[WhiteFideId "742910"]
[BlackFideId "406686"]
[EventDate "2025.08.26"]

1. d4 g6 2. e4 Bg7 3. Nc3 c5 4. Nf3 Qa5 5. Be2 cxd4 6. Nxd4 Nc6 7. Be3 d6 8. Qd2
Nxd4 9. Bxd4 Bxd4 10. Qxd4 Nf6 11. f4 O-O 12. O-O-O Be6 13. Rhf1 Bxa2 14. e5 Nd7
15. exd6 exd6 16. b4 Qa3+ 17. Kd2 Be6 18. Ra1 Qxa1 19. Rxa1 Nb6 20. Ne4 f5 21.
Nf6+ Kf7 22. Nxh7 Rfe8 23. Ng5+ Kg8 24. Bd3 Bd5 25. g4 Re7 26. gxf5 gxf5 27. Rg1
Rg7 28. Bxf5 Nc4+ 29. Kc1 Nb6 30. Bh7+ Kh8 31. Nf7+ 1-0

[Event "Titled Tue 26th Aug Late"]
[Site "chess.com INT"]
[Date "2025.08.26"]
[Round "9"]
[White "Itkis, Boris"]
[Black "Pica, Eleni"]
[Result "1-0"]
[WhiteTitle "IM"]
[BlackTitle "WCM"]
[WhiteElo "2250"]
[BlackElo "1743"]
[WhiteFideId "1209167"]
[BlackFideId "5910005"]
[EventDate "2025.08.26"]

1. d4 Nf6 2. c4 e6 3. Nf3 d5 4. g3 Bb4+ 5. Bd2 a5 6. a3 Bxd2+ 7. Nbxd2 O-O 8.
Bg2 b6 9. O-O Bb7 10. e3 Nbd7 11. Qc2 c5 12. Rac1 Rc8 13. Qb3 cxd4 14. exd4 dxc4
15. Rxc4 Bd5 16. Rxc8 Qxc8 17. Qd3 Bb7 18. Nc4 Be4 19. Qe2 Qc6 20. Rd1 Rc8 21.
Nce5 Nxe5 22. Nxe5 Qd5 23. Bxe4 Qxe4 24. Qa6 Rb8 25. Rc1 h6 26. Qa7 Rb7 27. Qa8+
Kh7 28. Rc8 Qe1+ 29. Kg2 Qe4+ 30. Kh3 Qf5+ 31. g4 1-0

[Event "Titled Tue 26th Aug Late"]
[Site "chess.com INT"]
[Date "2025.08.26"]
[Round "9"]
[White "Ciocan, Maria-Alexandra"]
[Black "Kovacs, Reka"]
[Result "0-1"]
[WhiteTitle "WCM"]
[BlackTitle "WCM"]
[WhiteElo "1998"]
[BlackElo "1915"]
[WhiteFideId "1227130"]
[BlackFideId "790702"]
[EventDate "2025.08.26"]

1. e4 e5 2. Nf3 Nc6 3. Bc4 Bc5 4. c3 Nf6 5. d3 a5 6. a4 O-O 7. Bg5 h6 8. Bh4 Be7
9. Bb3 Nh7 10. Bxe7 Qxe7 11. O-O d6 12. Nbd2 Be6 13. Re1 Kh8 14. Nf1 f5 15. Bxe6
Qxe6 16. exf5 Qxf5 17. Ng3 Qf7 18. Qd2 Nf6 19. h3 Nd5 20. d4 Nf4 21. dxe5 Nxg2
22. e6 Qxf3 23. Qe2 Nh4 0-1

[Event "Titled Tue 26th Aug Late"]
[Site "chess.com INT"]
[Date "2025.08.26"]
[Round "9"]
[White "Pniaczek, Marek"]
[Black "Kleibel, Uwe"]
[Result "1/2-1/2"]
[WhiteTitle "FM"]
[BlackTitle "FM"]
[WhiteElo "2188"]
[BlackElo "2301"]
[WhiteFideId "21800421"]
[BlackFideId "1270982"]
[EventDate "2025.08.26"]

1. Nf3 d5 2. c4 e6 3. g3 Nf6 4. Bg2 Bd6 5. O-O O-O 6. b3 a5 7. Bb2 a4 8. d3 a3
9. Bc3 Nc6 10. e3 Re8 11. Re1 dxc4 12. dxc4 e5 13. Nbd2 Bg4 14. h3 Bh5 15. g4
Bg6 16. Nh4 Ne4 17. Nxe4 Qxh4 18. Nxd6 cxd6 19. Qxd6 Red8 20. Qc7 h5 21. Bxc6
bxc6 22. Qxe5 f6 23. Qg3 Qxg3+ 24. fxg3 hxg4 25. hxg4 Rd3 26. Bd4 Be4 27. Red1
Rxd1+ 28. Rxd1 Kf7 29. g5 Rh8 30. Rf1 Rh1+ 31. Kf2 Rxf1+ 32. Kxf1 Bb1 33. gxf6
gxf6 34. Bc5 Bxa2 35. Bxa3 Bxb3 36. c5 f5 37. Kf2 Bd5 38. Bb2 Kg6 39. Ke2 Kg5
40. Kd3 Kg4 41. Be5 Be4+ 42. Kd4 Bd5 43. Bf4 Be4 44. Ke5 Bc2 45. Kf6 Be4 46. Ke6
Bd5+ 47. Kd6 Be4 48. Be5 Bd5 49. Kc7 Be4 50. Kd7 Bd5 51. Ke7 Be4 52. Kf6 Bd5 53.
Kg6 Be4 54. Kf6 Bd5 55. Ke7 Be4 56. Kd6 Bd5 1/2-1/2

[Event "Titled Tue 26th Aug Late"]
[Site "chess.com INT"]
[Date "2025.08.26"]
[Round "9"]
[White "Bulgak, Damir"]
[Black "Kona, Vidip"]
[Result "0-1"]
[WhiteTitle "CM"]
[WhiteElo "2254"]
[BlackElo "2145"]
[WhiteFideId "13528882"]
[BlackFideId "30990440"]
[EventDate "2025.08.26"]

1. e4 c6 2. Nf3 d5 3. Nc3 dxe4 4. Nxe4 Nf6 5. Qe2 Nxe4 6. Qxe4 Nd7 7. Bc4 Nf6 8.
Ne5 e6 9. Qe2 b5 10. Bd3 Qc7 11. b3 Bb7 12. Bb2 Bd6 13. O-O a6 14. a4 Nd5 15.
Rae1 bxa4 16. Qg4 a3 17. Qxg7 O-O-O 18. Ba1 Rdg8 19. Qxf7 Rg7 20. Qxe6+ Kb8 21.
Nd7+ Rxd7 22. Bxh8 Nf4 23. Qg4 Nxd3 24. cxd3 Bxh2+ 25. Kh1 Bd6 26. Re8+ Ka7 27.
b4 c5 28. Bd4 cxd4 29. Qxd4+ Qb6 30. Qc3 Qxb4 31. Qf6 Bxg2+ 32. Kg1 Bxf1 33.
Kxf1 a2 34. Ke2 Re7+ 35. Rxe7+ Bxe7 36. Qa1 Qa5 37. d4 Qb5+ 38. Kf3 Qb1 39. Qc3
a1=Q 0-1

[Event "Titled Tue 26th Aug Late"]
[Site "chess.com INT"]
[Date "2025.08.26"]
[Round "9"]
[White "Gajic, Mladen"]
[Black "Nassr, Ahmed"]
[Result "1-0"]
[WhiteTitle "FM"]
[BlackTitle "IM"]
[WhiteElo "2246"]
[BlackElo "2153"]
[WhiteFideId "1709178"]
[BlackFideId "7904860"]
[EventDate "2025.08.26"]

1. e4 c5 2. c3 Nf6 3. e5 Nd5 4. Bc4 Nb6 5. Bb3 d5 6. exd6 Qxd6 7. Nf3 g6 8. O-O
Bg7 9. d4 O-O 10. dxc5 Qxc5 11. Na3 Nc6 12. Be3 Qa5 13. Nd4 Nxd4 14. Bxd4 e5 15.
Bxb6 Qxb6 16. Nc4 Qa6 17. Qd6 b5 18. Qxa6 Bxa6 19. Nd6 Rad8 20. Rfd1 Rd7 21.
Nxf7 Rdxf7 22. Rd7 Bc8 23. Rxa7 Bf6 24. Rd1 Kg7 25. Rxf7+ Rxf7 26. Bxf7 Kxf7 27.
Rd5 Ba6 28. Rd7+ Ke6 29. Rxh7 Bc8 30. Ra7 e4 31. a4 bxa4 32. Rxa4 Kf5 33. b3 Be6
34. Ra5+ Kf4 35. c4 1-0

[Event "Titled Tue 26th Aug Late"]
[Site "chess.com INT"]
[Date "2025.08.26"]
[Round "9"]
[White "Drygalov, Andrey"]
[Black "Grot, Blazej"]
[Result "0-1"]
[WhiteTitle "GM"]
[BlackTitle "CM"]
[WhiteElo "2431"]
[BlackElo "2207"]
[WhiteFideId "24171735"]
[BlackFideId "21835845"]
[EventDate "2025.08.26"]

1. e4 c5 2. Nf3 e6 3. d4 cxd4 4. Nxd4 Nc6 5. Nc3 Qc7 6. Be2 Nf6 7. O-O Be7 8.
Be3 a6 9. f4 d6 10. Qe1 O-O 11. Kh1 Nxd4 12. Bxd4 b5 13. a3 Bb7 14. Qg3 Rad8 15.
Rae1 Bc6 16. Bd3 Qd7 17. b4 Nh5 18. Qg4 Nf6 19. Qe2 d5 20. exd5 Nxd5 21. Bxh7+
Kxh7 22. Qh5+ Kg8 23. Bxg7 f5 24. Qh6 Bf6 25. Bxf8 Rxf8 26. Nd1 Rf7 27. Rf3 Rg7
28. Rh3 Nxf4 29. Qxf6 0-1

[Event "Titled Tue 26th Aug Late"]
[Site "chess.com INT"]
[Date "2025.08.26"]
[Round "9"]
[White "Donoso Aguirre, Maximiliano"]
[Black "Shapiro, Daniel"]
[Result "1-0"]
[WhiteTitle "CM"]
[BlackTitle "FM"]
[WhiteElo "1978"]
[BlackElo "2284"]
[WhiteFideId "3458920"]
[BlackFideId "2001780"]
[EventDate "2025.08.26"]

1. e4 c5 2. c3 d5 3. exd5 Qxd5 4. d4 Nf6 5. Nf3 Nc6 6. dxc5 Qxd1+ 7. Kxd1 Bg4 8.
Nd2 e6 9. b4 a5 10. Bb5 O-O-O 11. Bxc6 bxc6 12. h3 Bxf3+ 13. gxf3 Nd5 14. bxa5
Bxc5 15. Kc2 Bxf2 16. Ne4 Be3 17. Ba3 Kc7 18. Rhe1 Bh6 19. Bc5 f5 20. Ng3 Bf4
21. Nh5 Bd6 22. Bxd6+ Rxd6 23. Nxg7 Nf4 24. Rab1 Rg8 25. a6 Ra8 26. Rb7+ Kc8 27.
Nxf5 Rd7 28. Ne7+ Kd8 29. Nxc6+ Ke8 30. Rxd7 Kxd7 31. Nb4 Ra7 32. Rd1+ Ke7 33.
Nc6+ 1-0

[Event "Titled Tue 26th Aug Late"]
[Site "chess.com INT"]
[Date "2025.08.26"]
[Round "9"]
[White "Steinberg, Nitzan"]
[Black "Rorrer, Grayson"]
[Result "1-0"]
[WhiteTitle "GM"]
[BlackTitle "IM"]
[WhiteElo "2554"]
[BlackElo "2426"]
[WhiteFideId "2801795"]
[BlackFideId "30944996"]
[EventDate "2025.08.26"]

1. Nf3 Nf6 2. g3 g6 3. Bg2 Bg7 4. O-O O-O 5. d4 d5 6. c4 c6 7. cxd5 cxd5 8. Nc3
Nc6 9. Ne5 Bf5 10. Nxc6 bxc6 11. Bf4 Nd7 12. b3 Qb6 13. Be3 e6 14. Qd2 Rfc8 15.
Na4 Qd8 16. Rac1 e5 17. Rc3 Qf6 18. Rd1 exd4 19. Bxd4 Qxd4 20. Qxd4 Bxd4 21.
Rxd4 Be6 22. Rd1 Nb6 23. Nc5 Kf8 24. Rdc1 Bf5 25. e4 dxe4 26. Nxe4 Nd5 27. Rxc6
Rxc6 28. Rxc6 Nb4 29. Rc4 Rb8 30. a3 Nd3 31. b4 Ne5 32. Rd4 a5 33. Nc5 axb4 34.
axb4 Ke7 35. f4 Nd7 36. Nxd7 Bxd7 37. Kf2 Rb6 38. Be4 Re6 39. Bd3 Kd8 40. Bb5
Re7 41. Rxd7+ Rxd7 42. Bxd7 Kxd7 43. Ke3 Kc6 44. Kd4 Kb5 1-0

[Event "Titled Tue 26th Aug Late"]
[Site "chess.com INT"]
[Date "2025.08.26"]
[Round "9"]
[White "Tarhan, Adar"]
[Black "Gasparyan, David"]
[Result "0-1"]
[WhiteTitle "IM"]
[WhiteElo "2474"]
[BlackElo "2194"]
[WhiteFideId "34544712"]
[BlackFideId "13311980"]
[EventDate "2025.08.26"]

1. e4 c5 2. Nf3 e6 3. d4 cxd4 4. Nxd4 Nf6 5. Nc3 Nc6 6. Ndb5 d6 7. Bf4 e5 8. Bg5
a6 9. Bxf6 gxf6 10. Na3 f5 11. Nc4 b5 12. Ne3 f4 13. Ned5 Bg7 14. g3 b4 15. Nb1
h5 16. Nd2 Nd4 17. gxf4 Bg4 18. Qc1 Rc8 19. Bd3 Qh4 20. c3 Bh6 21. Bxa6 Rc5 22.
cxd4 Rxc1+ 23. Rxc1 exf4 24. h3 f3 25. Bb5+ Kf8 26. Rc7 Bxd2+ 27. Kxd2 Qxf2+ 28.
Kc1 Qg2 29. Rd1 Qxh3 30. Bc4 Be6 31. Nf4 Qg4 32. Nxe6+ fxe6 33. Rf1 Rh7 34. Rxh7
Qf4+ 35. Kd1 Qxe4 36. Rxh5 Qxd4+ 37. Ke1 Qe4+ 0-1

[Event "Titled Tue 26th Aug Late"]
[Site "chess.com INT"]
[Date "2025.08.26"]
[Round "9"]
[White "Kleimenov, Nikolay"]
[Black "Padalka, Artem"]
[Result "1-0"]
[WhiteTitle "CM"]
[BlackTitle "CM"]
[WhiteElo "2244"]
[BlackElo "2124"]
[WhiteFideId "34414223"]
[BlackFideId "14118637"]
[EventDate "2025.08.26"]

1. e4 c5 2. Nf3 d6 3. d4 cxd4 4. Nxd4 Nf6 5. Nc3 a6 6. Be3 e5 7. Nb3 Be6 8. f3
h5 9. Qd2 Nbd7 10. Nd5 Bxd5 11. exd5 Rc8 12. c4 g6 13. Na5 Qc7 14. b4 Bg7 15.
Rc1 O-O 16. Be2 e4 17. f4 Ng4 18. Bxg4 hxg4 19. O-O f5 20. Nb3 b6 21. Nd4 Bxd4
22. Bxd4 a5 23. a3 axb4 24. axb4 Ra8 25. Qf2 Ra4 26. Qh4 Rxb4 27. Ra1 Ne5 28.
fxe5 dxe5 29. Be3 f4 30. Qxg4 fxe3 31. Qxg6+ Qg7 32. Rxf8+ Kxf8 33. Ra8+ 1-0

[Event "Titled Tue 26th Aug Late"]
[Site "chess.com INT"]
[Date "2025.08.26"]
[Round "9"]
[White "Zhukovskyi, Oleksandr"]
[Black "Gerbelli Neto, Eduardo"]
[Result "1-0"]
[WhiteTitle "CM"]
[WhiteElo "2145"]
[BlackElo "2114"]
[WhiteFideId "14169371"]
[BlackFideId "2103281"]
[EventDate "2025.08.26"]

1. e4 e5 2. Nf3 Nc6 3. d4 exd4 4. Bc4 Nf6 5. e5 d5 6. Bb5 Ne4 7. Nxd4 Bc5 8. Be3
Bd7 9. Bxc6 bxc6 10. O-O Bb6 11. f3 Ng5 12. f4 Ne4 13. Nd2 Nxd2 14. Qxd2 c5 15.
Nf3 d4 16. Bf2 Bc6 17. Rae1 Qd5 18. b3 O-O-O 19. a4 a5 20. Qd3 f6 21. Bh4 Rdf8
22. exf6 gxf6 23. Re7 Rhg8 24. Kf2 c4 25. bxc4 Qh5 26. Rxh7 Qg4 27. Bg3 f5 28.
c5 Be4 29. Qb5 Ba7 30. Qd7+ Kb8 31. Qxc7+ 1-0

[Event "Titled Tue 26th Aug Late"]
[Site "chess.com INT"]
[Date "2025.08.26"]
[Round "9"]
[White "Piesik, Piotr"]
[Black "Gavilan Diaz, Mario"]
[Result "1-0"]
[WhiteTitle "IM"]
[BlackTitle "FM"]
[WhiteElo "2427"]
[BlackElo "2195"]
[WhiteFideId "1136194"]
[BlackFideId "2260905"]
[EventDate "2025.08.26"]

1. Nf3 Nf6 2. g3 g6 3. Bg2 Bg7 4. O-O O-O 5. d4 d6 6. Nbd2 Nbd7 7. e4 e5 8. dxe5
dxe5 9. Qe2 Qe7 10. b3 Nc5 11. Ba3 Nfd7 12. Rfd1 a5 13. Ne1 b6 14. Qf3 Bb7 15.
Nd3 Qe6 16. Nxc5 Nxc5 17. Qc3 Qc6 18. Bxc5 bxc5 19. Nc4 a4 20. Na5 Qb6 21. Nxb7
Qxb7 22. Qxc5 Ra6 23. Qd5 Qa7 24. Rac1 axb3 25. axb3 Bh6 26. Rb1 Ra5 27. Qc4 Rc5
28. Qe2 Ra8 29. c4 Ra5 30. b4 Ra2 31. Rb2 Ra1 32. c5 Qa3 33. Rxa1 Qxa1+ 34. Bf1
Rd8 35. Kg2 Rd1 36. Rc2 Qb1 37. Qc4 Rxf1 38. b5 Rg1+ 39. Kh3 Re1 40. b6 cxb6 41.
c6 Rxe4 42. Qxe4 Qf1+ 43. Qg2 Qd3 44. f3 Qd8 45. Qe2 Qc8+ 46. Kg2 b5 47. Qxb5 e4
48. fxe4 1-0